Tài liệu hướng dẫn học tập giới và phát triển
Nội dụng gồm: tổng quan về phụ nữ học và khoa học về giới; sự phân công lao động theo giới; phụ nữ trong phát triển phụ nữ và phát triển giới; tăng quyền lực cho phụ nữ.
Guardat en:
| Autor principal: | |
|---|---|
| Format: | Llibre |
| Idioma: | Undetermined |
| Publicat: |
Thành phố Hồ Chí Minh
Trường Đại học Mở Thành phố Hồ Chí Minh
2013
|
| Matèries: | |
| Etiquetes: |
Afegir etiqueta
Sense etiquetes, Sigues el primer a etiquetar aquest registre!
|
| Thư viện lưu trữ: | Trung tâm Học liệu Trường Đại học Cần Thơ |
|---|
| LEADER | 01012nam a2200205Ia 4500 | ||
|---|---|---|---|
| 001 | CTU_237430 | ||
| 008 | 210402s9999 xx 000 0 und d | ||
| 082 | |a 305.4 | ||
| 082 | |b D550 | ||
| 100 | |a Thái, Thị Ngọc Dư | ||
| 245 | 0 | |a Tài liệu hướng dẫn học tập giới và phát triển | |
| 245 | 0 | |c Biên soạn: Thái Thị Ngọc Dư | |
| 260 | |a Thành phố Hồ Chí Minh | ||
| 260 | |b Trường Đại học Mở Thành phố Hồ Chí Minh | ||
| 260 | |c 2013 | ||
| 520 | |a Nội dụng gồm: tổng quan về phụ nữ học và khoa học về giới; sự phân công lao động theo giới; phụ nữ trong phát triển phụ nữ và phát triển giới; tăng quyền lực cho phụ nữ. | ||
| 526 | |a Xã hội học về giới | ||
| 526 | |b XN354 | ||
| 650 | |a Nam và nữ tại công việc,Men and women at work | ||
| 980 | |a Trung tâm Học liệu Trường Đại học Cần Thơ | ||